Normal view
MARC view
- القانون التجاري -- مصر-- الأوراق التجارية -- قوانين وتشريعات -- مصر-- الإفلاس -- قوانين وتشريعات -- مصر
Entry Topical Term
001 - CONTROL NUMBER
- control field: 8530
003 - CONTROL NUMBER IDENTIFIER
- control field: JO-AjAnu
005 - DATE AND TIME OF LATEST TRANSACTION
- control field: 20230606071657.0
008 - FIXED-LENGTH DATA ELEMENTS
- fixed length control field: 230606|| aca||aabn | a|a d
040 ## - CATALOGING SOURCE
- Original cataloging agency: JO-AjAnu
- Transcribing agency: JO-AjAnu
150 ## - HEADING--TOPICAL TERM
- Topical term or geographic name entry element: القانون التجاري -- مصر-- الأوراق التجارية -- قوانين وتشريعات -- مصر-- الإفلاس -- قوانين وتشريعات -- مصر
670 ## - SOURCE DATA FOUND
- Source citation: Work cat.: (JO-AjAnu)4403: البارودى ، علي , author 8529, القانون التجاري : الاوراق التجارية والإفلاس